| 000 | 00537ntaaa2200205 4500 | ||
|---|---|---|---|
| 003 | 01 | ||
| 005 | 20251027202446.0 | ||
| 008 | 0714s1973 ag 01 | ||
| 040 |
_aAR-BaBN _bspa _cAR-BaBN _eaacr _dRIC |
||
| 082 | _a266.0900 W58 | ||
| 100 |
_aWhite, Blanch Syndor _923465 |
||
| 245 | _aMore than conquerors | ||
| 250 | _a1 ed. | ||
| 260 |
_aNashville : _bBroadman Press, _cc1943 |
||
| 300 | _a81 p. | ||
| 500 | _ahistorias misioneras de Bautistas | ||
| 650 | _aMisiones | ||
| 650 |
_aWilliam Buck Bagby, 1855-1939 _923466 |
||
| 942 | _cBK | ||
| 999 |
_c19587 _d19587 |
||